000 00629nam a2200169 i 4500
001 22169
003 ES-MaACL
005 20230906152636.0
007 t|
008 021227s1868 sp ||||1| spa d
100 1 _aBahamonde y de Lanz, Diego.
_924661
245 1 0 _aDiscurso leído ante el claustro de la Universidad Central... /
_cDiego Bahamonde y de Lanz.
260 _aMadrid :
_b[s.n.],
_c1868 (
_fImpr. R. Moreno)
300 _a30 p. ;
_c19 cm.
500 _aTema: Orígenes de las nuevas nacionalidades que inician la reconquista, durante los siglos VIII y IX en la Península española.
852 _aES-MaACL
_jT-368-F-18
999 _c22169
_d22169